000 00539nam a22001937a 4500
005 20240924095439.0
008 240924b |||||||| |||| 00| 0 eng d
020 _a0409004510
022 _a0409004480
041 _aEnglish
082 _a349 JOU
100 _lEnglish
245 _aThe Law of South Africa /
_cWA Joubert
250 _aFirst Reissue
260 _aDurban:
_bButterworths Publishers,
_c1997
300 _bvii, 329 pages;
_c26 cm.
650 _aLegal practice
_bLaw
942 _cBK
_6ALISON_BN_VRIES
999 _c3098
_d3098